[Event "22nd Alekhine Master 2018"]
[Site "Voronezh"]
[Date "2018.06.14"]
[Round "3"]
[White "Demidov, Mikhail"]
[Black "Popov, Ivan"]
[Result "1/2-1/2"]
[WhiteElo "2513"]
[BlackElo "2608"]
[Annotator "TA"]
[PlyCount "80"]
[EventDate "2018.06.21"]
[EventType "swiss"]
[EventCountry "RUS"]
[SourceTitle "playchess.com"]
[Source "ChessBase"]
[SourceQuality "1"]

{[%evp 17,80,0,-4,0,7,1,0,2,8,10,9,0,0,0,0,0,0,0,0,0,0,0,0,0,0,0,0,0,0,0,0,0,0,0,0,0,0,0,0,0,0,0,0,0,0,0,0,0,0,0,0,0,0,0,0,0,0,0,0,0,8,8,8,8,8]} 1. d4 d5 2. c4 dxc4 3. e3 Nf6 4. Bxc4 c5 5. Nf3 cxd4 (5... e6 6. O-O a6 7. Qe2 b5 8. Bd3 Bb7 9. dxc5 Nc6 10. a3 Bxc5 11. b4 Bb6 12. Bb2 O-O 13. Nbd2 Qe7 14. Rac1 Rac8 15. Rfd1 Rc7 16. Bb1 Rd8 17. Nb3 Rxd1+ 18. Qxd1 Nb8 19. Rxc7 Qxc7 {½-½ (30) Grandelius,N (2603)-Howell,D (2686) Dubai 2015}) 6. exd4 {A09: Réti Opening: 1 Nf3 d5 2 c4} g6 7. Qb3 e6 8. Nc3 Bg7 9. O-O O-O {LiveBook: 3 Games. The position is equal.} 10. d5 exd5 11. Nxd5 {[#] Hoping for Bg5.} Nc6 12. Rd1 {Strongly threatening Bg5.} Nxd5 13. Bxd5 Qb6 $146 ({Predecessor:} 13... Qc7 14. Qc4 {1-0 (44) Azimova,K (2028)-Chuinyshena,S (1618) St Petersburg 2011}) 14. Qxb6 axb6 15. Be3 Nb4 16. Bb3 Bxb2 17. Rab1 Bg7 18. Bxf7+ Rxf7 19. Rxb4 Rxa2 20. Rxb6 Bg4 21. Rd8+ Rf8 22. Rd1 Rf7 23. Rd8+ Rf8 {[#] ( -> ...Ra1+)} 24. Rd1 Rb2 25. Rxb2 Bxb2 26. Rb1 Ra8 27. h3 Bxf3 $1 28. Rxb2 $11 {[%mdl 4096] Endgame KRB-KRB} Bc6 29. Kh2 Kf7 30. g4 b5 31. Kg3 Ra4 32. Rc2 Rc4 33. Rxc4 bxc4 {KB-KB} 34. Bd4 h5 35. Kf4 hxg4 36. hxg4 Ke6 37. Bc3 Ba8 38. Kg5 Kf7 39. f4 Be4 40. f5 gxf5 {Precision: White = 86%, Black = 89%.} 1/2-1/2

[Event "22nd Alekhine Master 2018"]
[Site "Voronezh"]
[Date "2018.06.14"]
[Round "3"]
[White "Demidov, Mikhail"]
[Black "Popov, Ivan"]
[Result "*"]
[WhiteElo "2513"]
[BlackElo "2608"]
[Annotator "TA"]
[PlyCount "17"]
[EventDate "2018.06.21"]
[EventType "swiss"]
[EventCountry "RUS"]
[SourceTitle "playchess.com"]
[Source "ChessBase"]
[SourceQuality "1"]

{[%evp 9,17,36,42,46,72,-264,-265,-293,-266,-266]} 1. d4 {[%cal Bd2d4,Bd4e5][%mdl 32]} Nf6 {[%cal Bg8f6,Bf6e4,Be4c5][%mdl 32]} 2. c4 e5 3. dxe5 Ne4 4. Nf3 b6 5. Qd5 Bb7 6. Qxb7 {A51: Budapest Gambit, Fajarowicz Variation} Nc6 {[#]} 7. Qa6 $2 {[%mdl 8192]} (7. Nd4 $1 $16 {[%cal Rd4c6] keeps the pressure on.} Bb4+ 8. Nc3) 7... Bb4+ $19 8. Nc3 $146 {[#] c5 is the strong threat.} ({Predecessor:} 8. Bd2 Nc5 9. Qb5 Bxd2+ 10. Nbxd2 a6 11. Qxc6 dxc6 12. b4 Nd7 {0-1 (30) Kniazev,I (2240)-Vlasenko,M (2378) Nabereznye Chelny 2010}) 8... Nc5 $1 9. Qb5 *

[Event "22nd Alekhine Master 2018"]
[Site "Voronezh"]
[Date "2018.06.14"]
[Round "3"]
[White "Potapov, Pavel"]
[Black "Tiviakov, Sergei"]
[Result "1-0"]
[WhiteElo "2491"]
[BlackElo "2580"]
[Annotator "TA"]
[PlyCount "111"]
[EventDate "2018.06.21"]
[EventType "swiss"]
[EventCountry "RUS"]
[SourceTitle "playchess.com"]
[Source "ChessBase"]
[SourceQuality "1"]

{[%evp 16,111,43,46,62,47,50,44,41,51,37,43,58,59,26,6,36,11,22,7,36,31,49,42,57,21,37,10,60,60,64,62,64,56,56,28,40,20,41,22,88,82,173,162,178,136,131,92,112,112,212,222,216,215,225,241,265,208,282,288,285,280,277,259,259,252,258,254,272,269,268,268,254,261,239,229,495,488,507,512,578,578,570,570,570,542,481,473,473,383,1266,1251,1190,1125,4614,4133,1727,737]} 1. e4 d5 2. exd5 Qxd5 3. Nc3 Qd6 4. d4 Nf6 5. Nf3 c6 6. h3 {B01: Scandinavian Defence} g6 (6... Nbd7 7. Bd3 g6 8. O-O Bg7 9. Re1 O-O 10. Qe2 e6 11. Bg5 b6 12. Rad1 Bb7 13. Ne5 c5 14. dxc5 Qxe5 15. Qxe5 Nxe5 16. Rxe5 {1-0 (90) Guseinov,G (2645)-Carlsen,M (2832) chess.com INT 2017}) 7. Bd3 Bg7 8. O-O O-O 9. Re1 {LiveBook: 6 Games} e6 10. a4 $146 ({Predecessor:} 10. Bf1 Nbd7 11. Bg5 b5 12. a3 Bb7 {1-0 (30) Lichii,E (1642)-Saurabh,S (1470) Marianske Lazne 2015}) 10... a5 11. Bg5 Nbd7 12. Qd2 b6 13. Bf4 Qe7 14. Ne5 Nxe5 15. Bxe5 (15. Rxe5 Rd8 $15) 15... Ba6 {[%cal Bc8a6,Ba6c4,Bc4d5][%mdl 32]} 16. Be4 Rac8 17. Qf4 Qd8 18. Bf3 Bc4 19. Qg3 Qd7 20. Rad1 Rfd8 21. h4 {[%cal Bh3h4,Bh4h5][%mdl 32]} Qe7 22. h5 $1 Ne8 23. b3 $36 {[%mdl 2048] White fights for an advantage.} Bd5 $1 24. Be2 (24. Nxd5 $6 cxd5 25. Rc1 Rc3 $11) 24... Bxe5 25. Qxe5 Qf6 26. Bd3 Kg7 27. Qg3 Nd6 (27... c5 $11) 28. Re5 $1 $16 Rd7 {[#]} (28... Nf5 $16 29. Qf4 (29. Nxd5 Rxd5 30. Bxf5 Rxe5 $11) 29... Kg8) 29. Ne2 $1 $18 Nf5 30. Bxf5 $1 exf5 31. Nf4 {And now hxg6 would win.} g5 {[#]} 32. h6+ $1 {[%mdl 512]} Kh8 (32... Kf8 $16) (32... Qxh6 33. Rxf5) 33. Nxd5 Rxd5 34. Rde1 {Intending Re8+ and mate.} Rdd8 35. Qh3 g4 36. Qh5 g3 37. fxg3 ({Weaker is} 37. Qxf5 Qxf5 38. Rxf5 gxf2+ 39. Kxf2 (39. Rxf2 Rxd4 40. Rxf7 Rd6 $16) 39... Rxd4 $16) 37... Rg8 38. Qh4 ({But not} 38. Qxf5 $6 Qxh6 39. Qxf7 Qg7 $18) 38... Qxh4 39. gxh4 {[%mdl 4096] Endgame KRR-KRR} Rcd8 40. Rxf5 Rxd4 41. Rxf7 Rxh4 42. Re6 Rhg4 43. Ree7 {[%csl Ge7][%cal Rf7h7]} (43. Rxc6 Rxg2+ 44. Kf1 R2g6 $18) 43... Rxg2+ 44. Kf1 {[%csl Ge7][%cal Rf7h7]} Rg1+ 45. Ke2 {[%csl Ge7][%cal Rf7h7]} R8g2+ $2 {[#]} (45... R1g2+ {was worth a try.} 46. Kd1 Rd8+ 47. Kc1 b5 48. Rxh7+ Kg8) 46. Kd3 $1 Rg3+ 47. Kd2 R1g2+ 48. Kc1 Rh3 49. Rxh7+ Kg8 50. Reg7+ Rxg7 51. Rxg7+ {KR-KR} Kh8 52. Rb7 b5 $2 (52... Rxh6 53. Rxb6 Kg8) 53. axb5 {White is clearly winning.} cxb5 54. Rxb5 a4 55. bxa4 Rxh6 56. Rg5 {Precision: White = 62%, Black = 45%.} (56. a5 $142 Kg7 57. Kb2) 1-0

[Event "22nd Alekhine Master 2018"]
[Site "Voronezh"]
[Date "2018.06.14"]
[Round "3"]
[White "Kabanov, Nikolai"]
[Black "Chigaev, Maksim"]
[Result "1/2-1/2"]
[WhiteElo "2468"]
[BlackElo "2577"]
[Annotator "TA"]
[PlyCount "127"]
[EventDate "2018.06.21"]
[EventType "swiss"]
[EventCountry "RUS"]
[SourceTitle "playchess.com"]
[Source "ChessBase"]
[SourceQuality "1"]

{[%evp 11,127,0,25,0,0,0,0,-1,12,16,22,15,56,7,0,6,17,0,0,-14,0,0,0,0,0,0,8,6,10,11,12,8,26,15,20,0,0,-32,-16,-35,0,-14,0,-13,-13,-23,-16,-16,-15,-8,-8,-8,-8,-29,-14,-30,-30,-32,-18,-17,-20,-20,-18,-33,-31,-25,-18,-45,-45,-51,-31,-111,-114,-147,-103,-126,-132,-137,-107,-213,-211,-187,-154,-200,-80,-80,-69,-69,-69,-69,-69,-69,-69,-69,-69,-69,-69,-69,-69,-69,-69,-69,-69,-69,-69,-69,0,-69,0,-69,-69,-73,-37,-38,-38,-73,-50,-63]} 1. e4 g6 2. d4 {[%cal Bd2d4,Bd4d5][%mdl 32]} Bg7 3. Nc3 d6 4. g3 Nc6 5. d5 Nd4 6. Be3 {B06: Moderne Verteidigung} (6. Bg2 c5 7. Nge2 Bg4 8. O-O Nf3+ 9. Kh1 Qd7 10. h3 h5 11. Ng1 Ng5 12. f3 Nxh3 13. fxg4 Nxg1 {1-0 (26) Yudin,S (2539)-Dzhangobegov,V (2270) St Petersburg 2016}) 6... c5 {LiveBook: 7 Partien} 7. Bg2 Qb6 8. Rb1 {Die Stellung ist ausgeglichen.} Nf6 {[%cal Bg8f6,Bf6d7,Bd7e5,Be5c4][%mdl 32]} 9. h3 O-O 10. Nge2 {[%cal Re2d4]} Nxe2 11. Qxe2 Qa6 $146 ({Vorgänger:} 11... Re8 12. O-O e6 13. dxe6 Bxe6 {1-0 (35) King,D (2320)-Davies,N (2360) Morecambe/ Lancashire 1981}) 12. O-O Qxe2 13. Nxe2 Nd7 14. Rfe1 b5 15. b4 a6 16. a3 cxb4 17. axb4 Ne5 18. Bd4 Bb7 19. f4 Nc4 20. Bxg7 Kxg7 21. Nd4 Nb6 22. Rbd1 Rac8 23. Re3 Rc4 24. c3 Rfc8 25. Ne2 R4c7 (25... Na4 $5 {[%cal Ra4c3]}) 26. g4 Na4 {[%cal Ra4c3]} 27. Rdd3 Nb2 28. Rd4 Nc4 29. Rg3 h6 30. g5 hxg5 31. Rxg5 Rh8 32. Rd3 Rh4 33. Rdg3 Kf6 34. Kf2 Rc8 35. R3g4 Rxg4 36. Rxg4 Rh8 37. Nc1 Bc8 38. Rg3 Bd7 39. Nd3 Rh4 40. Ke2 Kg7 41. Kf3 (41. f5 $1 $15) 41... f5 $17 42. Ke2 fxe4 43. Bxe4 Rxh3 44. Rxh3 Bxh3 {[%mdl 4096] Endspiel KLS-KLS} 45. Nf2 (45. Ne1 $17 {war nötig.}) 45... Bf5 $19 46. Bf3 Bc8 47. Kd3 {[#]} Kf6 (47... g5 $1 $19 {[%mdl 512] bietet bessere Gewinnchancen.} 48. fxg5 Ne5+ 49. Ke3 Nxf3 50. Kxf3 Bb7) 48. Kd4 $17 Bb7 49. Bg4 Kg7 50. Nd1 Nb6 51. Ne3 Bc8 52. Be2 Bd7 53. Bd1 Kf6 54. Bc2 g5 55. fxg5+ Kxg5 56. Ke4 Be8 57. Bb3 Bg6+ 58. Kd4 Be8 59. Ke4 $1 Bd7 (59... Na8 $15) 60. Bd1 (60. Bc2 $1 $11) 60... Bc8 61. Be2 Nd7 62. c4 bxc4 63. Bxc4 Ne5 64. Be2 {Precision: Weiß = 55%, Schwarz = 49%.} 1/2-1/2

[Event "22nd Alekhine Master 2018"]
[Site "Voronezh"]
[Date "2018.06.14"]
[Round "3"]
[White "Mammadzada, Gunay"]
[Black "Maghsoodloo, Parham"]
[Result "0-1"]
[WhiteElo "2442"]
[BlackElo "2638"]
[Annotator "TA"]
[PlyCount "82"]
[EventDate "2018.06.21"]
[EventType "swiss"]
[EventCountry "RUS"]
[SourceTitle "playchess.com"]
[Source "ChessBase"]
[SourceQuality "1"]

{[%evp 18,82,2,22,37,7,21,9,28,-6,8,-34,0,0,0,6,18,0,0,0,0,0,0,0,0,0,0,0,0,0,0,0,7,-19,0,-35,0,0,0,-29,-26,-21,-28,-41,-37,-162,-168,-201,-220,-277,-27,-173,-154,-391,-390,-390,-379,-387,-385,-148,-142,-29996,-332,-29995,-1418,-1164,-535]} 1. e4 g6 2. d4 Bg7 3. Nc3 d6 4. Be3 a6 5. Qd2 b5 6. h4 {B06: Modern Defence} h5 7. f3 Nd7 8. O-O-O Bb7 9. Nh3 Ngf6 10. Kb1 {LiveBook: 7 Games} e6 11. Ng5 Qe7 12. Ne2 {[%cal Bc3e2,Be2c1,Bc1b3,Bb3a5][%mdl 32]} c5 $146 ({Predecessor:} 12... Rd8 13. g3 c6 14. Bh3 e5 15. Qa5 exd4 16. Bxd4 c5 17. Qc7 Ne5 18. Qxd8+ Qxd8 19. Bxe5 {0-1 (30) Brkic,A (2590)-Sjugirov,S (2652) Batumi 2018}) 13. c3 e5 14. Nc1 exd4 15. cxd4 O-O 16. Nb3 Rad8 17. Na5 Ba8 $1 18. Bd3 Rfe8 19. Rhe1 Nb6 20. Bc2 Qc7 21. dxc5 dxc5 22. Bf4 Qc8 $1 23. Qf2 Rxd1+ $1 24. Rxd1 Nbd7 25. Qg3 {e5 is the strong threat.} Nh7 26. Qh3 Nxg5 27. Bxg5 Re6 28. g4 (28. e5 $5 {[%cal Rc2g6]}) 28... hxg4 29. Qxg4 Qc7 30. h5 gxh5 $1 (30... Qxa5 31. Rxd7 Bc6 32. Rd8+ Re8 33. Rxe8+ Bxe8 34. Qc8 $18) 31. Qf5 (31. Qf4 $15 Qc8 32. Qh4) 31... Nf8 $1 $19 32. Bd8 Qg3 $1 33. Qxh5 Rh6 $2 ({Better is} 33... c4 $1 $19 {White must now prevent ...Rd6.} 34. Rf1 Qd6) 34. Qf5 (34. Qxc5 $11 {and White is okay.} Qxf3 35. Qf5) 34... Rh2 $40 {[%mdl 128] Black goes for the king.} 35. Bf6 $2 (35. Nb3 $17) 35... Qg2 $1 {[%cal Rg2c2]} ({Stronger than} 35... Bxf6 36. Qxf6 Qg2 37. Rc1 $11 (37. Bb3 $2 c4 $19)) 36. Rc1 {Strongly threatening Bxg7.} Bh6 $1 {( -> ...Qxc2+!)} 37. f4 Ne6 $1 38. Be5 c4 39. Qf6 $2 {[%mdl 8192] [#]} (39. a3 $17) 39... Bf8 $2 (39... Qxc2+ $1 {[%mdl 512] mates} 40. Rxc2 Rh1+ 41. Rc1 Bxe4+ 42. Ka1 Rxc1#) 40. Bd4 $2 {[#]} (40. a3 $19) 40... Bxe4 (40... Qxc2+ $142 $1 {[%mdl 512]} 41. Rxc2 Rh1+ 42. Bg1 Rxg1+ 43. Rc1 Bxe4+ 44. Ka1 Rxc1#) 41. Rg1 {[#]} Rh1 {Precision: White = 25%, Black = 61%.} (41... Qxg1+ $142 $1 {[%mdl 512]} 42. Bxg1 Rxc2) 0-1

[Event "22nd Alekhine Master 2018"]
[Site "Voronezh"]
[Date "2018.06.14"]
[Round "3"]
[White "Akash Pc, Iyer"]
[Black "Savchenko, Boris"]
[Result "1-0"]
[WhiteElo "2435"]
[BlackElo "2565"]
[Annotator "TA"]
[PlyCount "77"]
[EventDate "2018.06.21"]
[EventType "swiss"]
[EventCountry "RUS"]
[SourceTitle "playchess.com"]
[Source "ChessBase"]
[SourceQuality "1"]

{[%evp 21,77,0,4,6,20,20,18,22,28,20,27,0,15,20,60,0,39,0,41,47,93,89,93,89,85,93,93,88,156,152,152,154,148,113,115,133,205,208,215,195,303,303,301,301,518,515,1022,1022,1694,1408,1306,1173,29980,29981,29982,4918,4786,4786]} 1. c4 e5 2. Nc3 Nf6 3. g3 d5 4. cxd5 Nxd5 5. Bg2 Nb6 6. Nf3 Nc6 7. O-O Be7 8. a3 O-O 9. b4 Be6 10. Rb1 f6 11. d3 a6 {LiveBook: 28 Games. A29: English Opening: Four Knights Variation with 4 g3} (11... Nd4 12. Bb2 Nxf3+ 13. Bxf3 c6 14. Ne4 Bd5 15. Bc3 Rf7 16. Bh5 Rf8 17. Bf3 Rf7 18. Bh5 Rf8 19. Bf3 {½-½ (19) Svidler,P (2765)-Matlakov,M (2735) St Petersburg 2017}) 12. Bb2 Qc8 13. Ne4 Rd8 {The position is equal.} 14. Qc2 {[#]} Rd5 $146 ({Predecessor:} 14... a5 15. b5 Na7 16. d4 f5 17. Nxe5 Nxb5 18. Nc5 Bd5 19. Bh3 {½-½ (45) Pechenkin,V (2297)-Benjamin,J (2553) Edmonton 2011}) 15. Nc3 Rd7 16. Rfd1 Qf8 17. Ne4 Qf7 18. Nfd2 ({Better is} 18. Ba1 $14) 18... Nc8 19. Ba1 Bd5 20. Nb3 b6 21. d4 {[#] dxe5 is the strong threat.} N8a7 22. dxe5 Nxe5 23. Bxe5 fxe5 24. Nc3 Bxb3 (24... c6 $142) 25. Rxb3 $16 Rad8 26. Rxd7 Rxd7 27. Be4 g6 28. Bd3 b5 (28... Nc6 $16 29. Rb1 Nd4) 29. Ne4 $18 c6 30. Rc3 Qe6 (30... Kg7 {might work better.} 31. Qb2 Rd4) 31. Qc1 Kg7 32. Bc2 Rd4 $2 (32... c5 33. Nxc5 (33. bxc5 Nc6 $18) 33... Bxc5) 33. Bb3 Qg4 (33... Rc4 $142 34. Bxc4 bxc4 35. Rxc4 Nb5 36. Rxc6 Qd5) 34. Rf3 ({Weaker is} 34. f3 Qf5 $18) 34... Qxe4 35. Rf7+ Kh8 36. Rxe7 {[#] White threatens h4 and mate.} c5 37. Rxa7 Qxe2 38. Qg5 (38. Ra8+ $142 Kg7 39. Ra7+ Kh8 40. h4 Rxh4 41. gxh4 Qg4+ 42. Kf1 Qh3+ 43. Ke2) 38... Qe1+ 39. Kg2 {Precision: White = 76%, Black = 31%.} 1-0

[Event "22nd Alekhine Master 2018"]
[Site "Voronezh"]
[Date "2018.06.14"]
[Round "3"]
[White "Drygalov, Andrey"]
[Black "Kryakvin, Dmitry"]
[Result "1-0"]
[WhiteElo "2435"]
[BlackElo "2592"]
[Annotator "TA"]
[PlyCount "97"]
[EventDate "2018.06.21"]
[EventType "swiss"]
[EventCountry "RUS"]
[SourceTitle "playchess.com"]
[Source "ChessBase"]
[SourceQuality "1"]

{[%evp 21,97,65,65,56,69,66,72,49,49,25,38,24,41,23,32,35,36,0,0,0,0,0,63,14,61,0,49,27,34,-29,-24,-36,-28,-31,-23,-25,-15,-87,48,18,50,46,97,33,256,254,375,209,856,595,815,803,766,668,2041,2005,2114,1504,1604,1587,1532,1387,2718,2973,29985,2140,1722,29953,29943,29944,6020,6025,4822,4794,2195,831,1518,955]} 1. d4 Nf6 2. c4 c5 3. d5 g6 4. Nc3 Bg7 5. e4 O-O 6. Nf3 e6 7. Bd3 d6 8. h3 Na6 9. O-O Nc7 10. Bg5 h6 11. Bh4 {E90: King's Indian: Classical: Early deviations and 6 h3} (11. Be3 exd5 12. exd5 b5 13. Qd2 bxc4 14. Bxc4 Kh7 15. Rfe1 Bb7 16. Rab1 Nd7 17. Na4 Nf6 18. Nc3 Nd7 19. Na4 Nf6 20. Nc3 Nd7 {½-½ (20) Ragger,M (2655)-Ivanisevic,I (2634) Kozloduy 2012}) 11... e5 {LiveBook: 3 Games} 12. Nd2 Bd7 13. Be2 {White is slightly better.} Qe8 14. a4 $146 ({Predecessor:} 14. Rb1 Rb8 15. a3 b5 16. b4 cxb4 17. axb4 bxc4 18. Nxc4 g5 {1-0 (40) Plachetka,J (2440)-Perenyi,B Eger 1984}) 14... Na6 15. Nb5 Qe7 16. a5 Nb4 17. Na3 Qe8 18. Nc2 Na6 19. b4 cxb4 20. Qb1 Nc5 21. Nxb4 Rc8 (21... g5 $11 22. Bg3 Qc8) 22. Ra3 (22. Bxf6 $5 Bxf6 23. Nd3 $11) 22... Rc7 23. Bg3 ({White should play} 23. Na2 $14) 23... Bc8 24. Re1 h5 {next ...Bh6 is good for Black.} 25. Bf3 (25. f3 $14) 25... Bh6 26. Nf1 Nh7 27. Bd1 f5 28. exf5 $1 gxf5 {Black wants to play ...f4.} 29. Nd3 (29. f4 $11) 29... f4 (29... Nxd3 $1 $17 30. Qxd3 f4) 30. Nxc5 $14 Rxc5 31. Bh4 Bf5 ({Black should try} 31... Rxc4 $14 32. Nd2 Rc7) 32. Qxb7 (32. Bc2 $16 Bxc2 33. Qxc2) 32... Qg6 $2 {[#]} (32... Rf7 $14 33. Bxh5 Rxb7 34. Bxe8 Rxc4) 33. Ng3 $1 $18 {[%mdl 512]} Bc8 (33... fxg3 34. Rxg3 Ng5 35. Bxg5 $18) (33... Qf7 $142 34. Qxf7+ Rxf7) 34. Qe7 (34. Qxa7 $142 Rxc4 35. Be2 (35. Nxh5 f3 $11)) 34... Qb1 $2 (34... Bg5 35. Bxg5 Nxg5) 35. Rb3 Qa1 36. Qxd6 Qxa5 37. Rf1 fxg3 38. Qxh6 gxf2+ 39. Bxf2 {Intending Rg3+ and mate.} Rc7 40. Rg3+ Kh8 41. Qxh5 {Threatening mate with Bd4!} Bf5 42. Be3 Rcf7 {[#]} 43. Bg4 (43. Bc2 $142 $1 {[%mdl 512]} Qa6 (43... Bxc2 44. Rxf7) 44. Rxf5 Rxf5 45. Bxf5 Rxf5 46. Qxf5 Qf6 47. Qg4 Qf7 48. Bh6) 43... Qb4 44. Rxf5 (44. c5 $18 Qe4 45. Rxf5 Rxf5 46. Bxf5 Qxf5 47. Qxf5 Rxf5 48. Rf3) 44... Qb1+ 45. Kh2 Rxf5 46. Bxf5 {White is clearly winning.} Qxf5 47. Qxf5 Rxf5 48. Bxa7 (48. c5 $142 Rf8 49. d6) 48... Nf6 49. Rf3 {Precision: White = 38%, Black = 34%.} 1-0

[Event "22nd Alekhine Master 2018"]
[Site "Voronezh"]
[Date "2018.06.14"]
[Round "3"]
[White "Dzhumaev, Marat"]
[Black "Iljiushenok, Ilia"]
[Result "0-1"]
[WhiteElo "2434"]
[BlackElo "2530"]
[Annotator "TA"]
[PlyCount "59"]
[EventDate "2018.06.21"]
[EventType "swiss"]
[EventCountry "RUS"]
[SourceTitle "playchess.com"]
[Source "ChessBase"]
[SourceQuality "1"]

{[%evp 23,59,0,0,1,50,0,0,0,56,36,20,0,0,0,0,0,0,-16,0,0,53,41,292,52,57,47,47,47,68,23,26,34,22,27,35,26,35,21]} 1. e4 c5 2. Nf3 e6 3. d4 cxd4 4. Nxd4 Nc6 5. Nc3 Qc7 6. g3 a6 7. Bg2 Nf6 8. O-O h5 {B47: Sicilian: Taimanov: 5 Nc3 Qc7 6 f4, 6 g3 and 6 Be2} 9. Nxc6 dxc6 10. e5 Qxe5 11. Bf4 Qa5 12. Re1 Be7 {LiveBook: 5 Games} 13. Re5 {[#]} c5 $146 ({Predecessor:} 13... Qd8 14. Qf3 O-O 15. Rd1 Bd7 16. Ne4 Nxe4 17. Rxe4 {1-0 (56) Bartel,M (2641)-Maletin,P (2588) Dubai 2014}) 14. Qd2 Bd7 15. Bxb7 Rb8 ({Better is} 15... Rd8 $11) 16. Bf3 $1 $14 Rxb2 17. Rd1 Qb6 18. Rg5 Bc6 19. Bxc6+ Qxc6 20. Be5 h4 21. Rxg7 {Nd5 is the strong threat.} Rb4 (21... Kf8 $11 22. Rg5 Rh7) 22. a3 $1 {[%cal Ra3b4]} hxg3 $2 {[%mdl 8192]} (22... h3 $1 $14 23. Kf1 Rb2) 23. Rxg3 $2 (23. axb4 $18 Rxh2 24. Ne4 Rh1+ 25. Kxh1 Qxe4+ 26. f3 Qxe5 27. Rg5) 23... Rxh2 {[%csl Gc6][%cal Rh2h1] [#]} 24. Nd5 $1 {[%cal Rd5f6]} (24. Kxh2 $2 {too greedy.} Rh4+ 25. Rh3 Ng4+ 26. Kg3 Nxe5 $19) 24... Qxd5 25. Qxd5 Nxd5 26. Kxh2 Re4 27. Rg8+ Kd7 28. Bg3 f5 {[#] White must now prevent ...f4.} 29. Rh8 c4 30. Kg1 {[%mdl 32768] Precision: White = 60%, Black = 55%. . Sensor Board Error (Ke4/e5)?} 0-1

[Event "22nd Alekhine Master 2018"]
[Site "Voronezh"]
[Date "2018.06.14"]
[Round "3"]
[White "Gukesh D"]
[Black "Stukopin, Andrey"]
[Result "1/2-1/2"]
[WhiteElo "2431"]
[BlackElo "2589"]
[Annotator "TA"]
[PlyCount "150"]
[EventDate "2018.06.21"]
[EventType "swiss"]
[EventCountry "RUS"]
[SourceTitle "playchess.com"]
[Source "ChessBase"]
[SourceQuality "1"]

{[%evp 21,150,12,14,9,12,-10,-7,-18,-12,-23,-13,-27,-19,-24,-14,-17,-13,-20,-20,-18,-15,-8,-12,-12,-14,-37,-43,-44,-37,-36,-35,-43,-41,-39,-33,-47,-43,-52,-69,-56,-45,-47,-43,-50,-45,-54,-55,-65,-61,-77,-69,-127,-131,-178,-121,-149,-162,-241,-241,-237,-237,-258,-260,-245,-176,-227,-216,-251,-246,-257,-250,-347,-347,-347,-347,-347,-347,-347,-347,-347,-347,-347,-347,-327,-327,-347,-347,-347,-347,-765,-347,-463,-347,-347,-347,-1862,-347,-1856,-1837,-1276,-405,-29967,-29967,-29967,-29968,-29970,-29971,-29970,-29971,-29972,-29970,-29963,-83,-83,-83,-83,-83,-83,-83,-83,-83,-83,-83,-83,-8,-8,0,-83,-83,-83,-83]} 1. Nf3 c5 2. g3 g6 3. c3 Bg7 4. d4 cxd4 5. cxd4 Nf6 6. Bg2 O-O 7. O-O d5 8. Nc3 Nc6 9. Ne5 e6 10. Bf4 Nxe5 11. Bxe5 Bd7 {LiveBook: 44 Games} 12. e3 {D79: Fianchetto Grünfeld: Symmetrical Variation (6 0-0 c6 7 cxd5 cxd5)} (12. Qd2 Qe7 13. Rac1 Bc6 14. Rc2 Rfd8 15. Rfc1 Ne8 16. Bxg7 Kxg7 17. e3 Nd6 18. Ne2 Bb5 19. Nf4 Rac8 {½-½ (44) Topalov,V (2798)-Caruana,F (2805) Stavanger 2015}) 12... Qb6 $146 ({Predecessor:} 12... Bc6 13. Qe2 Qd7 14. Rfc1 Rfc8 15. Rc2 Ne8 16. Bxg7 Kxg7 17. Rac1 Nd6 18. b3 b6 19. h4 h6 20. Qd2 Bb7 21. Ne2 Rxc2 22. Rxc2 Rc8 23. Rxc8 Qxc8 24. Qc3 Ba6 25. Qxc8 Nxc8 26. Nc3 Nd6 {½-½ (30) Sebenik,M (2543)-Kuljasevic,D (2561) Austria 2013}) 13. Na4 Bxa4 14. Qxa4 {The position is equal.} Rfc8 15. Rfb1 Rc4 16. b4 Rac8 17. Bf1 Rc3 18. Bxf6 Bxf6 19. Qa5 Qxa5 20. bxa5 R8c7 21. a6 bxa6 22. Bxa6 Ra3 23. Rb8+ Kg7 24. Rb7 Bd8 (24... Rxb7 {is interesting.} 25. Bxb7 Be7 26. Kg2 g5 27. Bc6 Bd6) 25. Rxc7 Bxc7 $15 {[%mdl 4096] Endgame KRB-KRB} 26. Be2 Bd6 27. Kf1 a5 {[%cal Ba7a5,Ba5a4][%mdl 32]} 28. Bd1 Bb4 29. Bb3 a4 30. Bd1 Ba5 31. h3 Bd2 32. g4 h6 33. Kg2 f5 34. gxf5 gxf5 35. Bc2 Kf6 36. Kf1 (36. Bd1 $15) 36... f4 $17 37. exf4 Bxf4 ({But not} 37... Rxh3 38. Rd1 $17) (37... Bc3 $1 $19 {[%cal Rc3a1]} 38. Rc1 Bb2) 38. Ke2 Bc7 39. f3 (39. Rb1 {might work better.}) 39... Bb6 $19 40. Rb1 Rxa2 41. Kd3 Ra3+ 42. Ke2 Ba5 43. Rb5 (43. Rb7 {keeps fighting.}) 43... Bc3 44. Rb6 Bxd4 45. Rb4 Bc5 46. Rf4+ Ke5 47. Rxa4 Re3+ 48. Kd1 Rxf3 49. Rh4 Be3 50. Ke2 Bg5 51. Kxf3 Bxh4 {KB-KB} 52. Ke3 Be7 53. Kd3 Bc5 54. Bd1 Kf4 55. Bb3 $2 (55. h4) 55... Bf2 (55... h5 $142 56. Kc3 h4) 56. Ba4 Bb6 57. Bc6 Bc5 58. h4 $2 (58. Ke2) 58... Bb6 $2 (58... h5 59. Be8 e5 60. Bxh5 e4+ 61. Kc2 d4) 59. Bb7 $2 (59. h5) 59... h5 60. Bc6 Bc5 (60... d4 $142 61. Ke2 e5) 61. Be8 {[#]} (61. Kd2 $19 Kg3 62. Be8) 61... e5 $1 {[%cal Be6e5,Be5e4][%mdl 32]} 62. Bxh5 e4+ 63. Kd2 d4 {[%cal Bd5d4,Bd4d3][%mdl 32]} 64. Bg6 Bb4+ 65. Kd1 d3 66. h5 {[#]} Ke3 $2 (66... Bf8 $1 {mates} 67. h6 Bxh6 68. Ke1 Ke5 69. Bh5 Kd4 70. Bg4 Bg5 71. Bh5 Bh4+ 72. Kf1 e3 73. Bf3 Kc3 74. Bg4 Kd2 75. Kg2 e2 76. Kf3 e1=Q 77. Kf4 Qe3+ 78. Kf5 Qg5+ 79. Ke4 Qxg4+ 80. Kd5 Be7 81. Kc6 Qc8+ 82. Kd5 Ke3 83. Ke5 Qg4 84. Kd5 Qe4#) 67. h6 $17 Bf8 68. h7 Bg7 69. Bf5 Kd4 70. Bg6 e3 {( -> ...e2+)} 71. Bh5 Bf6 72. Ke1 Ke5 (72... Be5 $17) 73. Bg6 $1 $11 Kd4 ({Better is} 73... Bh4+ $11 74. Kf1 e2+ 75. Kg2 Bf6) 74. Bh5 $1 $17 Kc4 75. Kd1 Kd5 {Precision: White = 49%, Black = 68%.} 1/2-1/2